Ruské prezidentské voľby

Kandidát na prezidenta a spôsob jeho voľby. Prezidentské voľby v roku 2012. Volebné výsledky politických kandidátov uchádzajúcich sa o prezidentský post. Oficiálne výsledky potvrdili predvolebné prieskumy, ktoré naznačovali víťazstvo staronového prezidenta Vladimíra Putina. Spoločnosť rozdelená na "...

ver descrição completa

Na minha lista:
Detalhes bibliográficos
Autor principal: Chuguryan, Simona, 1977-
Formato: Capítulo de Livro
Idioma:eslovaco
Assuntos:
Tags: Adicionar Tag
Sem tags, seja o primeiro a adicionar uma tag!

MARC

LEADER 00000naa$a2200000$$$4500
001 0173530
005 20240502072945.7
041 0 |a slo 
044 |a SK 
245 1 0 |a Ruské prezidentské voľby  |c Simona Chuguryan 
520 |a Kandidát na prezidenta a spôsob jeho voľby. Prezidentské voľby v roku 2012. Volebné výsledky politických kandidátov uchádzajúcich sa o prezidentský post. Oficiálne výsledky potvrdili predvolebné prieskumy, ktoré naznačovali víťazstvo staronového prezidenta Vladimíra Putina. Spoločnosť rozdelená na "Putinovcov" a "Antiputinovcov". 
610 2 0 |a voľby 
610 2 0 |a prezidenti 
610 2 0 |a kampane volebné 
610 2 0 |a strany politické 
610 2 0 |a Rusko 
100 1 |a Chuguryan, Simona, 1977-